000 00585 a2200193 4500
999 _c306
_d306
008 221018b ||||| |||| 00| 0 eng d
020 _a9780071333467
082 0 0 _a658.4032
_bH652
245 _aIntroduction to operations research /
_cby Frederick S. Hillier ... [et al.]
250 _a9th ed.
260 _aChennai:
_bMcGraw Hill,
_c2016.
300 _axxiii, 1102 p.
650 0 _aOperations research
700 _95310
_aHillier, Frederick S.
700 _95311
_aLieberman, Gerald J.
700 _95309
_aNag, Bodhibrata
700 _95312
_aBasu, Preetam
942 _2ddc
_cBK